000 01200nam a22002777a 4500
001 54489
003 UA-OsUOA
005 20260424112448.0
007 ta
008 20180312b un ||||| |||| 00| 0 ukr d
022 _a25206419
040 _aUA-OsUOA
_bukr
_cUA-OsUOA
_dUA-OsUOA
041 _aukr
080 _a7.072.2(081)
090 _a7.072.2(081)
_bВ55
110 _aМіністерство освіти і науки України
_bЗакарпатська академія мистецтв
_925089
245 _aВісник Закарпатської академії мистецтв
_bзбірник наукових праць
_cред. кол. : І. І. Небесник та ін.
_nВип. 8
260 _aУжгород
_bЗакарпатська академія мистецтв
_c2017
300 _a204 с.
650 7 _a7.07 Види занять і діяльності, пов’язані з мистецтвом та розвагами
_2UDC
_918253
700 1 _aНебесник І. І.
_eред.
_925090
942 _cBK
_2udc
955 _a1
999 _c434603
_d434603